Dictionnaire des gens de couleur dans la France moderne – Directeur éditorial Erick Noël, Droz, Collection Bibliothèque des Lumières, 2013, XXVI 964 pages (notice n° 1643142)
[ vue normale ]
| 000 -LEADER | |
|---|---|
| fixed length control field | 00592cam a2200145 4500500 |
| 005 - DATE AND TIME OF LATEST TRANSACTION | |
| control field | 20260201153733.0 |
| 041 ## - LANGUAGE CODE | |
| Language code of text/sound track or separate title | fre |
| 042 ## - AUTHENTICATION CODE | |
| Authentication code | dc |
| 100 10 - MAIN ENTRY--PERSONAL NAME | |
| Personal name | Alante-Lima, Willy |
| Relator term | author |
| 245 00 - TITLE STATEMENT | |
| Title | Dictionnaire des gens de couleur dans la France moderne – Directeur éditorial Erick Noël, Droz, Collection Bibliothèque des Lumières, 2013, XXVI 964 pages |
| 260 ## - PUBLICATION, DISTRIBUTION, ETC. | |
| Date of publication, distribution, etc. | 2015.<br/> |
| 500 ## - GENERAL NOTE | |
| General note | 76 |
| 786 0# - DATA SOURCE ENTRY | |
| Note | Présence Africaine | 190 | 2 | 2015-06-26 | p. 315d-334d | 0032-7638 |
| 856 41 - ELECTRONIC LOCATION AND ACCESS | |
| Uniform Resource Identifier | <a href="https://shs.cairn.info/revue-presence-africaine-2014-2-page-315d?lang=fr&redirect-ssocas=7080">https://shs.cairn.info/revue-presence-africaine-2014-2-page-315d?lang=fr&redirect-ssocas=7080</a> |
Pas d'exemplaire disponible.




Réseaux sociaux